000 00345nam a22001337a 4500
008 170629b xxu||||| |||| 00| 0 eng d
020 _a9780312385330
041 _aeng
080 _28 ED
_a82
100 _a22
101 _agjl
245 _aTHE WORLD OF IDEAS ESSENTIAL READINGS FOR COLLEGE WRITERS
_cJACOBUS.L.A
942 _2udc
_cBK
999 _c19667
_d19667